000 01947cam a22006254i 4500
003 PE-LiUPU
005 20250731170421.0
008 180427s2016 pe a rb 000 0 spa d
020 _a6123191187
020 _a9786123191184
035 _a(Sirsi) a241807
040 _aPE-LiUPU
_bspa
_cPE-LiUPU
_erda
049 _aPRUA
082 0 4 _a152.4
_bM86
_223
100 1 _aMorgado, Ignacio,
_eautor.
245 1 3 _aEmociones corrosivas :
_bcómo afrontar la envidia, la codicia, la culpabilidad, la verguenza, el odio y la vanidad /
_cIgnacio Morgado.
250 _a1a edición.
526 _aSEG68
526 _aSEG70
526 _aSEG69
526 _aSEG67
526 _aSEG43
526 _aP144
526 _aP143
526 _aP131
526 _aP122
526 _aP120
526 _aP117
526 _aP112
526 _aP110
526 _aP106
526 _aP101
526 _aP80
526 _aP59
526 _aP54
526 _aP35
526 _aP33
526 _aP30
598 _aCATALOGING
264 1 _aColombia :
_bGéminis,
_c2017.
300 _a175 páginas ;
_c23 centímetros
336 _atext
_2rdacontent
337 _aunmediated
_2rdamedia
338 _avolume
_2rdacarrier
504 _aBibliografía : páginas 171-174.
505 0 _aSentido y utilidad de las emociones -- la envidia -- la codicia -- la culpabilidad y la verguenza -- el odio -- el delito de odio -- la vanidad -- las consecuencias de la vanidad.
541 _g0021-0005351;
650 0 4 _aEmociones.
650 0 4 _aEmotions.
910 _adbm
_bksl
_cksl
_d20180503
942 _2ddc
_cBOOK
994 _aC0
_bPEPRU
596 _a1
999 _a152.4 M86
_wLC
_c27371
_i78481
_f2019-12-10
_g2
_lCCODEBUL1
_mBUL
_p14.98
_r0
_sY
_tBOOK
_u2018-5-3
_xSALUD
_zP33
_0COMPRA
_1FCOMPRA
_o.STAFF. Colección Ciencias de la Salud
_d27371
980 _81
_gALBERTO SANCHEZ Responsable de Automatización